Byzantine women and their world

Αποθηκεύτηκε σε:
Λεπτομέρειες βιβλιογραφικής εγγραφής
Κύριος συγγραφέας: Kalavrezou, Ioli
Συλλογικό Έργο: Arthur M. Sackler Museum, Harvard University. Art Museums
Άλλοι συγγραφείς: Laiou, Angeliki E.
Μορφή: Βιβλίο
Γλώσσα:English
Δημοσίευση: Cambridge : New Haven : Harvard University Art Museums ; Yale University Press, c2003.
Θέματα:
Ετικέτες: Προσθήκη ετικέτας
Δεν υπάρχουν, Καταχωρήστε ετικέτα πρώτοι!

MARC

LEADER 00000cam a2200000 i 4500
001 1/79488
008 050628s2003 mau| ||| |||| ||eng||
020 |a 0300096984 
035 |l 10078768 
040 |a GR-MyUa  |b gre  |e AACR2 
041 0 |a eng 
082 7 |a 709.02140747444   |2 (22) 
100 1 |a Kalavrezou, Ioli. 
245 1 0 |a Byzantine women and their world /   |c Ioli Kalavrezou ; with contributions by Angeliki E. Laiou ...[et al.]. 
260 |a Cambridge :   |b Harvard University Art Museums ;   |a New Haven :   |b Yale University Press,   |b c2003. 
300 |a 335 σ. :   |b έγχρ. εικ., έγχρ. χάρτ. ;   |c 28 εκ. 
500 |a .Εκδόθηκε από κοινού με την έκθεση που οργανώθηκε από το Μουσείο Arthur M. Sackler και του Πανεπιστημίου Harvard Art Museums, τον Οκτώβριο 25, 2002-Απρίλιο 28, 2003. 
504 |a Περιέχει βιβλιογραφία (σ. 313-326) και ευρετήριο. 
650 0 |a Art, Byzantine  |x Exhibitions. 
650 0 |a Women in art  |x Exhibitions. 
700 1 |a Laiou, Angeliki E. 
710 2 |a Arthur M. Sackler Museum. 
710 2 |a Harvard University.   |b Art Museums. 
852 |a INST  |b LESVOS  |e 20050628  |h 709.02140747444 KAL  |p 005100032224  |q 005100032224  |t BK  |y 0 
901 |a BIBL1-2005-2 
920 |a ΕΠΕΑΕΚ ΠΜΣ ΓΥΝΑΙΚΕΣ KAI ΦΥΛΑ  |y Λέσβος  |z 2005-06 
970 |a ΚΑΡΑ  |b ΓΙΑΣΕΜΗ  |z 2005/06/28